Diversity of opines and opine-catabolizing bacteria isolated from naturally occurring crown gall tumors /
שמור ב:
| מחבר ראשי: | |
|---|---|
| מחברים אחרים: | , |
| פורמט: | Bài viết |
| שפה: | English |
| נושאים: | |
| תגים: |
הוספת תג
אין תגיות, היה/י הראשונ/ה לתייג את הרשומה!
|
| Thư viện lưu trữ: | Thư viện Trường Đại học Đà Lạt |
|---|
| LEADER | 01036nam a2200349 4500 | ||
|---|---|---|---|
| 001 | DLU090095929 | ||
| 005 | ##20091201 | ||
| 040 | # | # | |a DLU |b eng |
| 041 | # | # | |a eng |
| 044 | # | # | |a us |
| 100 | # | # | |a Moore, L. W. |
| 245 | # | # | |a Diversity of opines and opine-catabolizing bacteria isolated from naturally occurring crown gall tumors / |c L. W. Moore, W. S. Chilton, M. L. Canfield. |
| 653 | # | # | |a Agrobacterium |
| 653 | # | # | |a Bacteria |
| 653 | # | # | |a Bacteriosis |
| 653 | # | # | |a Biodiversity |
| 653 | # | # | |a Opine |
| 653 | # | # | |a Plant pathogen |
| 653 | # | # | |a Pseudomonas |
| 653 | # | # | |a Vegetals |
| 700 | # | # | |a Canfield, M. L. |
| 700 | # | # | |a Chilton, W. S. |
| 773 | # | # | |t Applied and Environmental Microbiology |g Vol. 63, no. 1 (January 1997), p. 201-207 |
| 920 | # | # | |a Phòng Tạp chí -- Trung tâm Thông tin - Thư viện Trường Đại học Đà Lạt |
| 994 | # | # | |a DLU |
| 900 | # | # | |a True |
| 911 | # | # | |a Trương Bảo Trâm Anh |
| 925 | # | # | |a G |
| 926 | # | # | |a A |
| 927 | # | # | |a BB |
| 980 | # | # | |a Thư viện Trường Đại học Đà Lạt |